[Event "Elit(Manhem-Orgryte)"]
[Site "?"]
[Date "2012.10.05"]
[Round "1"]
[White "Tukhaev, Adam"]
[Black "Nithander, Victor"]
[Result "1-0"]
[WhiteElo "2599"]
[BlackElo "2520"]
[PlyCount "65"]
[EventDate "2012.10.14"]
[SourceDate "2012.10.14"]

1. e4 c5 2. Nf3 Nc6 3. d4 cxd4 4. Nxd4 Nf6 5. Nc3 e5 6. Ndb5 d6 7. Bg5 a6 8.
Na3 b5 9. Bxf6 gxf6 10. Nd5 Bg7 11. Bd3 Ne7 12. Nxe7 Qxe7 13. O-O O-O 14. Qf3
Re8 15. Rfe1 Qd7 16. c4 Bb7 17. cxb5 f5 18. Qxf5 Qxf5 19. exf5 e4 20. bxa6 Bc6
21. Bb5 Rec8 22. Rad1 Bxb2 23. Rxd6 Be8 24. Nc4 Bc3 25. Rc1 Bxb5 26. Nb6 Rd8
27. Rxd8+ Rxd8 28. a7 Bd2 29. Rc8 Rxc8 30. Nxc8 e3 31. a8=Q e2 32. Ne7+ Kg7 33.
Qg8+ 1-0

[Event "Elit(Manhem-Orgryte)"]
[Site "?"]
[Date "2012.10.05"]
[Round "1"]
[White "Hultin, Johan"]
[Black "Ziegler, Ari"]
[Result "0-1"]
[WhiteElo "2351"]
[BlackElo "2428"]
[PlyCount "92"]

1. d4 Nf6 2. c4 c5 3. d5 e6 4. Nc3 exd5 5. cxd5 d6 6. Nf3 g6 7. Nd2 Nbd7 8. e4
a6 9. a4 Bg7 10. Be2 O-O 11. O-O Re8 12. Qc2 Rb8 13. Re1 Qc7 14. Kh1 g5 15. Nf1
g4 16. Ng3 Ne5 17. Nd1 Ng6 18. Ne3 Nh4 19. a5 Qe7 20. f3 Kh8 21. Bd2 Rg8 22.
fxg4 Bh6 23. Nef5 Nxf5 24. Nxf5 Bxf5 25. Bxh6 Bxg4 26. Qc3 Bxe2 27. Rxe2 Rg6
28. Bf4 Kg8 29. Rae1 Re8 30. h3 Qd8 31. b4 Nd7 32. bxc5 Nxc5 33. e5 f5 34. e6
Ne4 35. Rxe4 fxe4 36. Rxe4 Qh4 37. Qe3 Qh5 38. Qd2 Qf5 39. Rb4 Rf8 40. Kh2 Rc8
41. Rxb7 h5 42. Qd4 h4 43. Rb2 Qf8 44. Qe4 Qf6 45. Bxd6 Qg5 46. Bf4 Qg3+ 0-1

[Event "Elit(Manhem-Orgryte)"]
[Site "?"]
[Date "2012.10.05"]
[Round "1"]
[White "Frisk Kockum, Anton"]
[Black "Welin, Mats"]
[Result "1-0"]
[WhiteElo "2415"]
[BlackElo "2351"]
[PlyCount "151"]

1. d4 Nf6 2. Nf3 e6 3. c4 d5 4. Nc3 Be7 5. Bg5 h6 6. Bxf6 Bxf6 7. e3 O-O 8. Qd2
dxc4 9. Bxc4 c5 10. dxc5 Nd7 11. Ne4 Be7 12. c6 bxc6 13. O-O Rb8 14. Rfd1 Qc7
15. Qc2 c5 16. Rac1 Bb7 17. Ng3 Nf6 18. Be2 Nd5 19. a3 Rfc8 20. Ne4 a5 21. Nfd2
Qc6 22. Bf3 Qa6 23. Nc4 Rc7 24. Rd2 Bc6 25. Qd1 Nb6 26. Ne5 Be8 27. Nd6 Bxd6
28. Rxd6 Qb5 29. b3 c4 30. Nxc4 Nxc4 31. bxc4 Rxc4 32. g3 Rbc8 33. Rxc4 Qxc4
34. Rd8 Qc7 35. Rxc8 Qxc8 36. Qd6 Bb5 37. Kg2 Qc4 38. Qd8+ Kh7 39. Qd1 g5 40.
h3 Kg7 41. Qa1+ f6 42. Kh2 Qc2 43. Kg1 e5 44. Qe1 Qd3 45. Qc1 Bc4 46. Bg2 Kg6
47. Kh2 h5 48. Qb2 Qe2 49. Qb1+ Kg7 50. Kg1 Qd3 51. Qb7+ Bf7 52. Bf3 Qxa3 53.
Bxh5 Qa1+ 54. Kg2 Qa2 55. Qa7 Kg8 56. Bxf7+ Qxf7 57. Qxa5 Qb7+ 58. Kh2 Qf3 59.
Qd8+ Kg7 60. Qd7+ Kg6 61. Kg1 e4 62. Qd5 Kg7 63. Qd8 Kf7 64. Qd2 Kg7 65. Qc1
Kf7 66. Qf1 Kg6 67. Qg2 Qf5 68. g4 Qd5 69. Kh2 Kf7 70. Qg3 Qd2 71. h4 gxh4 72.
Qxh4 Ke6 73. Kg2 Qd1 74. Qh3 Ke5 75. Qh5+ Kd6 76. Qf5 1-0

[Event "Elit(Manhem-Orgryte)"]
[Site "?"]
[Date "2012.10.05"]
[Round "1"]
[White "Moberg, Karl Johan"]
[Black "Gajic, Mladen"]
[Result "1/2-1/2"]
[WhiteElo "2347"]
[BlackElo "2315"]
[PlyCount "66"]

1. d4 d5 2. c4 c6 3. Nf3 Nf6 4. e3 Bf5 5. cxd5 cxd5 6. Qb3 Qc7 7. Bd2 e6 8.
Bb5+ Nc6 9. O-O Bd6 10. Bb4 O-O 11. Bxc6 Qxc6 12. Ne5 Qb6 13. Bxd6 Qxd6 14. Nc3
Ne4 15. Nxe4 Bxe4 16. f3 f6 17. fxe4 fxe5 18. exd5 Qxd5 19. Qxd5 exd5 20. dxe5
Rae8 21. Rac1 Rxf1+ 22. Kxf1 Kf7 23. Ke2 Rxe5 24. Kd3 Re7 25. Rc8 Ke6 26. Rf8
Ke5 27. Ra8 a6 28. Rf8 Kd6 29. Rd8+ Kc6 30. Rf8 Kd6 31. Rd8+ Kc6 32. Rf8 Kd6
33. Rd8+ Kc6 1/2-1/2

[Event "Elit(Manhem-Orgryte)"]
[Site "?"]
[Date "2012.10.05"]
[Round "1"]
[White "Kumar, Rahul"]
[Black "Kinnmark, Ove"]
[Result "1-0"]
[WhiteElo "2259"]
[BlackElo "2272"]
[PlyCount "105"]

1. g3 e5 2. d3 d5 3. Nf3 Nc6 4. Bg2 Nf6 5. O-O Be7 6. c3 a5 7. a4 O-O 8. Qc2 h6
9. e4 Be6 10. Re1 dxe4 11. dxe4 Bc5 12. Be3 Bxe3 13. Rxe3 Qd6 14. Na3 Qc5 15.
h3 Rfd8 16. Nb5 Na7 17. Nxa7 Rxa7 18. Qb1 Bb3 19. Re1 Ra6 20. Ra3 Rb6 21. Bf1
c6 22. Qc1 Be6 23. Qc2 Ne8 24. Rb1 f6 25. Qe2 Qxa3 26. bxa3 Rxb1 27. Qc2 Rdd1
28. Nd2 Rbc1 29. Qb2 Nd6 30. Kg2 b5 31. axb5 cxb5 32. a4 Nxe4 33. Nxe4 Rxf1 34.
Qxb5 Bf5 35. Qe8+ Kh7 36. Nxf6+ gxf6 37. Qf7+ Kh8 38. Qxf6+ Kg8 39. Qxf5 Rg1+
40. Kf3 Rxc3+ 41. Kg4 Rc7 42. Qxe5 Rg7+ 43. Kh4 Rg5 44. Qe6+ Kg7 45. g4 Rc1 46.
f4 Rgc5 47. Qe7+ Kg8 48. f5 Rc7 49. Qe8+ Kg7 50. Qg6+ Kh8 51. f6 R1c6 52. Qe8+
Kh7 53. f7 1-0

[Event "Elit(Manhem-Orgryte)"]
[Site "?"]
[Date "2012.10.05"]
[Round "1"]
[White "Fendrich, David"]
[Black "Arnelind, Mikael"]
[Result "1/2-1/2"]
[WhiteElo "2255"]
[BlackElo "2243"]
[PlyCount "118"]

1. c4 Nf6 2. g3 c5 3. Bg2 g6 4. Nc3 Bg7 5. a3 O-O 6. b4 d6 7. Rb1 cxb4 8. axb4
Qc7 9. d3 Bd7 10. Bg5 Bc6 11. e4 a6 12. b5 Bxb5 13. Nxb5 axb5 14. Rxb5 Nc6 15.
Ne2 Ra3 16. O-O Rfa8 17. Qb1 Nd8 18. Be3 Nd7 19. Nd4 Nc5 20. Rxc5 Qxc5 21. Nb5
Qc8 22. Nxa3 Rxa3 23. Rd1 Ra1 24. Qc2 Nc6 25. Rxa1 Bxa1 26. Qa4 Bd4 27. Bxd4
Nxd4 28. e5 dxe5 29. Qb4 Nc6 30. Bxc6 Qxc6 31. Qxe7 b5 32. Qxe5 bxc4 33. Qc3
Qf3 34. Qxc4 h5 35. h4 Qe2 36. Qe4 Qd1+ 37. Kg2 Qb1 38. Qe8+ Kg7 39. Qe5+ Kf8
40. d4 Qb7+ 41. d5 Qd7 42. d6 Qc6+ 43. Kh2 Kg8 44. Qd4 Qd7 45. Qb6 Kg7 46. Qc7
Qf5 47. Qa7 Qd5 48. d7 Qd2 49. Qa1+ Kh7 50. Qa7 Kg7 51. Kh3 Qd5 52. f3 Qd1 53.
Kg2 Qd2+ 54. Kf1 Qd1+ 55. Kf2 Qd2+ 56. Kg1 Qd1+ 57. Kh2 Qd2+ 58. Kh3 Qd1 59.
Kg2 Qd2+ 1/2-1/2

[Event "Elit(Manhem-Orgryte)"]
[Site "?"]
[Date "2012.10.05"]
[Round "1"]
[White "Berggren Torell, Harald"]
[Black "Fransson, Percy"]
[Result "0-1"]
[WhiteElo "2204"]
[BlackElo "2218"]
[PlyCount "40"]

1. e4 e6 2. d3 d5 3. Qe2 Nf6 4. Nf3 Be7 5. g3 b6 6. e5 Nfd7 7. Bg2 c5 8. O-O
Nc6 9. c4 dxc4 10. dxc4 Bb7 11. Rd1 g5 12. h3 h5 13. g4 hxg4 14. hxg4 Qc7 15.
Nc3 Ncxe5 16. Nxg5 Bxg5 17. Bxg5 Nf3+ 18. Bxf3 Qh2+ 19. Kf1 Qh1+ 20. Bxh1 Rxh1#
0-1

[Event "Elit(Limhamn-Eksjo)"]
[Site "?"]
[Date "2012.10.05"]
[Round "1"]
[White "Gdanski, Jacek"]
[Black "Brynell, Stellan"]
[Result "1/2-1/2"]
[WhiteElo "2587"]
[BlackElo "2572"]
[PlyCount "106"]
[EventDate "2012.??.??"]

1. Nf3 Nf6 2. c4 e6 3. g3 b6 4. Bg2 Bb7 5. O-O Be7 6. Nc3 O-O 7. d4 Ne4 8. Bd2
d6 9. Rc1 Nd7 10. Nxe4 Bxe4 11. Ne1 Bxg2 12. Nxg2 Nf6 13. Qc2 c5 14. dxc5 dxc5
15. Rcd1 Qc7 16. e4 Rfd8 17. Bc3 Rxd1 18. Rxd1 Rd8 19. Rxd8+ Bxd8 20. e5 Nd7
21. Qe4 Nb8 22. Nf4 Qc6 23. Qxc6 Nxc6 24. Kg2 Bg5 25. Nd3 f5 26. exf6 Bxf6 27.
Bxf6 gxf6 28. f4 Kf7 29. g4 Kg6 30. Kg3 Nd4 31. h4 h5 32. f5+ exf5 33. Nf4+ Kh6
34. Nxh5 fxg4 35. Nxf6 Nf5+ 36. Kxg4 Ne3+ 37. Kf4 Nxc4 38. b3 Na3 39. Ke4 c4
40. bxc4 Nxc4 41. Kd5 Na3 42. Kc6 b5 43. Nd5 Kh5 44. Kb7 a5 45. Kb6 a4 46. Kc5
Kxh4 47. Kb4 Nb1 48. Kxb5 a3 49. Kb4 Kg5 50. Ne3 Kf4 51. Nc4 Ke4 52. Nxa3 Nxa3
53. Kxa3 Kd5 1/2-1/2

[Event "Elit(Limhamn-Eksjo)"]
[Site "?"]
[Date "2012.10.05"]
[Round "1"]
[White "Cicak, Slavko"]
[Black "Helgason, Reynir"]
[Result "1-0"]
[WhiteElo "2590"]
[BlackElo "2394"]
[PlyCount "59"]
[EventDate "2012.??.??"]

1. e4 c6 2. c4 d5 3. cxd5 cxd5 4. exd5 Nf6 5. Qa4+ Nbd7 6. Nc3 g6 7. Nf3 Bg7 8.
Bc4 O-O 9. d3 Nb6 10. Qb3 e6 11. dxe6 Nxc4 12. exf7+ Rxf7 13. Qxc4 Qe8+ 14. Be3
Be6 15. Qh4 Nd5 16. Ng5 Bxc3+ 17. bxc3 Nxe3 18. fxe3 Qc6 19. Nxf7 Qxc3+ 20. Kf2
Qd2+ 21. Kg1 Bxf7 22. Qd4 Re8 23. e4 Rc8 24. Rf1 Rc2 25. Qd8+ Kg7 26. Qf6+ Kh6
27. Qf3 Bxa2 28. h4 Be6 29. h5 Kg5 30. Qg3+ 1-0

[Event "Elit(Limhamn-Eksjo)"]
[Site "?"]
[Date "2012.10.05"]
[Round "1"]
[White "Jepson, Christian"]
[Black "De Verdier, Michael"]
[Result "1/2-1/2"]
[WhiteElo "2453"]
[BlackElo "2429"]
[PlyCount "95"]
[EventDate "2012.??.??"]

1. d4 Nf6 2. c4 e6 3. Nc3 Bb4 4. e3 O-O 5. Bd3 d5 6. Nf3 c5 7. O-O Nc6 8. a3
Ba5 9. cxd5 exd5 10. dxc5 Bxc3 11. bxc3 Bg4 12. c4 Ne5 13. cxd5 Bxf3 14. gxf3
Nxd5 15. Be4 Qg5+ 16. Kh1 Nc3 17. f4 Qh4 18. Qc2 Ng4 19. f3 Nxe4 20. fxe4 Rac8
21. Ra2 Rfd8 22. Rg1 g6 23. e5 Rd5 24. Qg2 Rdxc5 25. Qxg4 Qxg4 26. Rxg4 Rxc1+
27. Rg1 R1c3 28. Re1 Rb3 29. Kg2 Rcc3 30. Kf3 Rxa3 31. Rxa3 Rxa3 32. Rc1 Rb3
33. Rc8+ Kg7 34. Rc7 Kf8 35. Ke4 a5 36. e6 fxe6 37. Ke5 Rxe3+ 38. Kf6 Ke8 39.
Rxb7 Re4 40. Rxh7 Rxf4+ 41. Kxg6 a4 42. Ra7 Rh4 43. Kf6 Rh6+ 44. Ke5 Rxh2 45.
Rxa4 Re2+ 46. Re4 Rxe4+ 47. Kxe4 e5 48. Kxe5 1/2-1/2

[Event "Elit(Limhamn-Eksjo)"]
[Site "?"]
[Date "2012.10.05"]
[Round "1"]
[White "Vernersson, Per"]
[Black "Schneider, Stefan"]
[Result "1/2-1/2"]
[WhiteElo "2432"]
[BlackElo "2409"]
[PlyCount "62"]
[EventDate "2012.??.??"]

1. d4 e6 2. c4 Bb4+ 3. Nd2 Nf6 4. Ngf3 O-O 5. a3 Be7 6. e4 d5 7. cxd5 exd5 8.
e5 Nfd7 9. Bd3 c5 10. dxc5 Nxc5 11. Bc2 Bg4 12. b4 Ne6 13. Bb2 Nc6 14. Qb1 Ng5
15. h4 Nxf3+ 16. gxf3 Bh5 17. Bxh7+ Kh8 18. Bf5 Re8 19. f4 Bd6 20. Kf1 Nxe5 21.
fxe5 Bxe5 22. Bxe5 Rxe5 23. Bd3 Qf6 24. Qc2 Rae8 25. Rc1 Qf4 26. Nb3 Bf3 27.
Rh3 Qg4 28. Rh2 Qf4 29. Rh3 Qg4 30. Rh2 Qf4 31. Rh3 Qg4 1/2-1/2

[Event "Elit(Limhamn-Eksjo)"]
[Site "?"]
[Date "2012.10.05"]
[Round "1"]
[White "Penalver, Osmani"]
[Black "Ornstein, Axel"]
[Result "0-1"]
[WhiteElo "2326"]
[BlackElo "2364"]
[PlyCount "76"]
[EventDate "2012.??.??"]

1. d4 Nf6 2. c4 e6 3. g3 c5 4. d5 exd5 5. cxd5 d6 6. Bg2 g6 7. Nc3 Bg7 8. Nf3
O-O 9. O-O Re8 10. Bf4 Ne4 11. Nxe4 Rxe4 12. Nd2 Rb4 13. a3 Rxf4 14. gxf4 Bxb2
15. Ra2 Bg7 16. Qb3 Nd7 17. a4 Rb8 18. e4 Nf6 19. Nc4 Nh5 20. f5 b6 21. Qf3 Ba6
22. Rc2 Bxc4 23. Rxc4 a6 24. fxg6 hxg6 25. Rc2 b5 26. Rb1 bxa4 27. Rxb8 Qxb8
28. Bf1 Qb1 29. Rc4 Qb3 30. Qg4 a3 31. Qc8+ Kh7 32. Qxa6 a2 33. Ra4 Qxa4 34.
Qxa4 a1=Q 35. Qd7 Qf6 36. Qh3 Qg5+ 37. Kh1 Be5 38. Be2 Kg7 0-1

[Event "Elit(Limhamn-Eksjo)"]
[Site "?"]
[Date "2012.10.05"]
[Round "1"]
[White "Malesevic, Nedeljko"]
[Black "Lindgren, Philip"]
[Result "0-1"]
[WhiteElo "2358"]
[BlackElo "2344"]
[PlyCount "124"]
[EventDate "2012.??.??"]

1. d4 Nf6 2. c4 e6 3. Nf3 d5 4. cxd5 exd5 5. Nc3 Be7 6. Bg5 c6 7. Qc2 g6 8. e3
Bf5 9. Bd3 Bxd3 10. Qxd3 O-O 11. O-O Nbd7 12. Rfd1 Re8 13. Rab1 a5 14. Qc2 Ne4
15. Nxe4 dxe4 16. Bxe7 Qxe7 17. Nd2 Nb6 18. Qc5 Nd5 19. Qxe7 Rxe7 20. a3 a4 21.
Rbc1 Ra6 22. Kf1 Kf8 23. Ke2 Ke8 24. h4 h5 25. Nc4 Kd7 26. Rg1 Nf6 27. Ne5+ Kd6
28. f4 Ng4 29. Rc5 Nh6 30. Nc4+ Kd7 31. Re5 f6 32. Ra5 Rxa5 33. Nxa5 Ke6 34.
Nc4 b5 35. Nd2 Kd6 36. Kf2 Ng4+ 37. Ke2 Nh6 38. g3 Nf5 39. Nb1 c5 40. Nc3 cxd4
41. Nxb5+ Kc5 42. Nxd4 Nxd4+ 43. exd4+ Kxd4 44. Rd1+ Kc4 45. Ke3 f5 46. Rd4+
Kb3 47. Rb4+ Kc2 48. Rxa4 Rd7 49. Rc4+ Kxb2 50. Rc6 Rd3+ 51. Kf2 Rf3+ 52. Kg2
Rxa3 53. Rxg6 Kc1 54. Kf2 Kd1 55. Re6 Rf3+ 56. Kg2 Ke2 57. Re5 Rf2+ 58. Kh3 Kf3
59. Rxf5 e3 60. Ra5 Rf1 61. Kh2 e2 62. Ra3+ Kg4 0-1

[Event "Elit(Limhamn-Eksjo)"]
[Site "?"]
[Date "2012.10.05"]
[Round "1"]
[White "Johansson, Linus"]
[Black "Krantz, Christopher"]
[Result "1-0"]
[WhiteElo "2357"]
[BlackElo "2351"]
[PlyCount "113"]
[EventDate "2012.??.??"]

1. d4 d5 2. c4 c6 3. Nf3 Nf6 4. Nc3 dxc4 5. a4 Bf5 6. Ne5 Nbd7 7. Nxc4 Nb6 8.
Ne5 a5 9. Bg5 e6 10. e4 h6 11. exf5 hxg5 12. fxe6 fxe6 13. Bd3 Bb4 14. Bg6+ Ke7
15. O-O Rh4 16. Re1 Rxd4 17. Qe2 Kf8 18. Nf7 Qe7 19. Nxg5 e5 20. Qf3 Rh4 21.
Qf5 Nbd7 22. Rad1 Kg8 23. Bf7+ Kh8 24. Be6 Rf8 25. Qg6 b5 26. g3 Rh6 27. Nf7+
Rxf7 28. Qxf7 Qxf7 29. Bxf7 bxa4 30. Be6 Nf8 31. Rd8 e4 32. Bf5 Rh5 33. g4 Rh3
34. Nxe4 g6 35. Nxf6 Bxe1 36. Rxf8+ Kg7 37. Rg8+ Kxf6 38. Rxg6+ Kf7 39. Rxc6
Bd2 40. Kg2 Rh8 41. Kg3 Rb8 42. Rc2 Rb3+ 43. f3 Bb4 44. g5 Bd6+ 45. Kg4 Be5 46.
Be4 Rb4 47. h4 Bxb2 48. Rc5 a3 49. Rxa5 Ke7 50. h5 Bc1 51. h6 Rb2 52. h7 Rh2
53. f4 Bb2 54. f5 Bc1 55. f6+ Ke6 56. Ra8 a2 57. Rxa2 1-0

[Event "Elit(Burgsvik-Vasteras)"]
[Site "?"]
[Date "2012.10.05"]
[Round "1"]
[White "Akesson, Ralf"]
[Black "Fries Nielsen, Niels J"]
[Result "1-0"]
[WhiteElo "2479"]
[BlackElo "2398"]
[PlyCount "71"]
[EventDate "2012.??.??"]

1. d4 d6 2. Nf3 g6 3. c4 Bg7 4. Nc3 Bg4 5. e3 Nc6 6. Be2 Nf6 7. h3 Bd7 8. d5
Nb8 9. e4 O-O 10. O-O Na6 11. Re1 Nc5 12. e5 dxe5 13. Nxe5 Bf5 14. Bf1 Nfd7 15.
Nf3 Nf6 16. Nd4 Bd7 17. b4 Na6 18. Ba3 Re8 19. Qf3 Rc8 20. c5 Nb8 21. c6 bxc6
22. Nxc6 Bxc6 23. dxc6 e5 24. b5 e4 25. Qe3 Nd5 26. Nxd5 Qxd5 27. Red1 Qe6 28.
Rac1 Rcd8 29. Qxa7 Rxd1 30. Rxd1 Qxa2 31. Bc5 Qc2 32. Re1 Be5 33. Bd4 Qd2 34.
Rxe4 Bxd4 35. Rxe8+ Kg7 36. Re2 1-0

[Event "Elit(Burgsvik-Vasteras)"]
[Site "?"]
[Date "2012.10.05"]
[Round "1"]
[White "Fries Nielsen, Jens Ove"]
[Black "Sjodahl, Pontus"]
[Result "1-0"]
[WhiteElo "2419"]
[BlackElo "2490"]
[PlyCount "105"]
[EventDate "2012.??.??"]

1. d4 Nf6 2. Bg5 g6 3. Nc3 d5 4. Qd2 h6 5. Bf4 Nh5 6. Be5 f6 7. Bg3 Bf5 8. e3
Nc6 9. Bd3 Nxg3 10. hxg3 Qd7 11. Nge2 Nb4 12. e4 dxe4 13. Bxe4 O-O-O 14. a3 Nc6
15. O-O-O e5 16. dxe5 Qe6 17. Qe3 Rxd1+ 18. Rxd1 Bxe4 19. Qxe4 Qxe5 20. Qxg6
Qg5+ 21. Nf4 Bd6 22. Qe4 Be5 23. Ncd5 f5 24. Qc4 Rd8 25. Rd3 Rd6 26. Re3 Qd8
27. Rd3 Qg5 28. Kb1 Qg7 29. c3 Bxf4 30. Qxf4 Qg5 31. Qc4 Qg7 32. Re3 Qd7 33.
Nf4 b6 34. Ka2 Kb7 35. Rd3 Ne5 36. Rxd6 Qxd6 37. Qd5+ Qxd5+ 38. Nxd5 Nd3 39. f3
c6 40. Ne3 f4 41. gxf4 Nxf4 42. g3 Ne6 43. Kb3 Kc7 44. Kc4 Ng5 45. f4 Nf7 46.
g4 Kd6 47. Kd4 Ke6 48. Nf5 Kf6 49. Ke4 Ke6 50. Nd4+ Kd7 51. Kf5 Nd6+ 52. Kg6
Nc4 53. Kxh6 1-0

[Event "Elit(Burgsvik-Vasteras)"]
[Site "?"]
[Date "2012.10.05"]
[Round "1"]
[White "Eriksson, Anders"]
[Black "Krupenski, Juri"]
[Result "0-1"]
[WhiteElo "2331"]
[BlackElo "2419"]
[PlyCount "74"]
[EventDate "2012.??.??"]

1. Nf3 Nf6 2. g3 b6 3. Bg2 Bb7 4. O-O c5 5. c4 e6 6. Nc3 Be7 7. Re1 d6 8. e4
Nbd7 9. d4 cxd4 10. Nxd4 Qc7 11. Qe2 O-O 12. Be3 Rac8 13. b3 a6 14. Rac1 Nc5
15. Bd2 Qb8 16. f4 Rfd8 17. f5 e5 18. Nc2 b5 19. cxb5 axb5 20. Nb4 h6 21. Kh1
Qa8 22. Ncd5 Nxd5 23. exd5 e4 24. Bxe4 Nxe4 25. Rxc8 Rxc8 26. Qxe4 Bf6 27. Rc1
Rc5 28. Rxc5 dxc5 29. Nc6 Qxa2 30. Qe8+ Kh7 31. Qxf7 Qb1+ 32. Kg2 Qe4+ 33. Kf1
Qxf5+ 34. Ke2 Qe4+ 35. Kd1 Bc8 36. Qf8 Bg4+ 37. Kc1 Qh1+ 0-1

[Event "Elit(Burgsvik-Vasteras)"]
[Site "?"]
[Date "2012.10.05"]
[Round "1"]
[White "Andersson, Bjorn"]
[Black "Nilsson, Andre"]
[Result "0-1"]
[WhiteElo "2315"]
[BlackElo "2300"]
[PlyCount "110"]
[EventDate "2012.??.??"]

1. e4 g6 2. d4 d6 3. Nc3 c6 4. Nf3 Bg7 5. Be2 Nf6 6. Bg5 O-O 7. Qd2 b5 8. a3 a6
9. Bh6 c5 10. h4 cxd4 11. Nxd4 e5 12. Nf5 Nxe4 13. Nxe4 Bxf5 14. Bxg7 Kxg7 15.
Nxd6 Ra7 16. O-O-O Nc6 17. Qe3 Qf6 18. h5 Re7 19. hxg6 fxg6 20. Bf3 Nd4 21. Bd5
h5 22. Nxf5+ Nxf5 23. Qh3 Rc7 24. Kb1 Nd4 25. Rd2 Qf4 26. Rhd1 Nf5 27. Qb3 Kh6
28. g3 Qg5 29. Qb4 Re8 30. Be4 Rc4 31. Qa5 Rxe4 32. Qxa6 Rd4 33. f4 Qxg3 34.
Rxd4 Nxd4 35. fxe5 Qxe5 36. Qa7 Nf5 37. Qd7 Re7 38. Qd8 h4 39. Rd5 Qe1+ 40. Rd1
Qe5 41. Rd5 Qe1+ 42. Rd1 Qe3 43. Rd5 Kg5 44. Rd3 Qe4 45. Qh8 Qc4 46. b3 Qc5 47.
Qd8 Qxa3 48. Rd1 Qc5 49. Rd5 Qe3 50. Rd3 Qe4 51. Qb6 Qe1+ 52. Kb2 Qe5+ 53. Kb1
Kh5 54. Qc6 Ra7 55. Qf3+ Kh6 0-1

[Event "Elit(Burgsvik-Vasteras)"]
[Site "?"]
[Date "2012.10.05"]
[Round "1"]
[White "Brustkern, Jurgen"]
[Black "Andersson, Tommy"]
[Result "1/2-1/2"]
[WhiteElo "2291"]
[BlackElo "2390"]
[PlyCount "104"]
[EventDate "2012.??.??"]

1. e4 c5 2. c3 d6 3. d4 Nf6 4. Bd3 e6 5. Nf3 Be7 6. O-O O-O 7. dxc5 dxc5 8. e5
Nd5 9. Qe2 Nd7 10. Qe4 f5 11. exf6 N7xf6 12. Qe2 Bd6 13. Ne5 Qc7 14. f4 Nd7 15.
Nxd7 Bxd7 16. g3 c4 17. Bxc4 Bc5+ 18. Kg2 Bc6 19. Rf3 Nb6 20. Bd3 Bxf3+ 21.
Qxf3 Rad8 22. Nd2 e5 23. Ne4 Be7 24. Bc2 Qc6 25. Qh5 Nc4 26. Kh3 g6 27. Qe2
Qe6+ 28. Kg2 exf4 29. gxf4 Kh8 30. Bb3 b5 31. a4 a6 32. axb5 axb5 33. Ra7 Rf5
34. Qf3 g5 35. Ng3 Rfd5 36. Bxc4 bxc4 37. f5 Qf6 38. Be3 Bc5 39. Bxc5 Rxc5 40.
Qh5 h6 41. Qg6 Qxg6 42. fxg6 g4 43. Ne4 Rc6 44. Rh7+ Kg8 45. Rxh6 Re6 46. Ng5
Re3 47. Kf2 Re5 48. Rh8+ Kxh8 49. Nf7+ Kg7 50. Nxe5 Rd2+ 51. Kg3 Rxb2 52. Nxc4
Rc2 1/2-1/2

[Event "Elit(Burgsvik-Vasteras)"]
[Site "?"]
[Date "2012.10.05"]
[Round "1"]
[White "Akerman, Axel"]
[Black "Janse, Rasmus"]
[Result "0-1"]
[WhiteElo "2134"]
[BlackElo "2279"]
[PlyCount "74"]
[EventDate "2012.??.??"]

1. e4 e6 2. d4 d5 3. Nc3 Bb4 4. e5 c5 5. a3 Bxc3+ 6. bxc3 Ne7 7. Qg4 O-O 8. Bd3
Nbc6 9. Nf3 f5 10. exf6 Rxf6 11. Bg5 e5 12. Qh4 e4 13. Bxf6 gxf6 14. Qxf6 exd3
15. cxd3 Bf5 16. Rd1 cxd4 17. O-O Qf8 18. Qh4 dxc3 19. Rc1 Bxd3 20. Rfe1 Qg7
21. Ng5 Nd4 22. Qg4 Be2 23. Qh4 h6 24. Ne6 Nf3+ 25. Kh1 Nxh4 26. Nxg7 d4 27.
Ne6 d3 28. Nf4 d2 29. Nxe2 dxe1=Q+ 30. Rxe1 Rc8 31. g3 Nf3 32. Rc1 Nd5 33. Kg2
Ne5 34. Rd1 Rc5 35. Rb1 b6 36. Nd4 c2 37. Rc1 Nd3 0-1

[Event "Elit(Burgsvik-Vasteras)"]
[Site "?"]
[Date "2012.10.05"]
[Round "1"]
[White "Larsson, Victor"]
[Black "Nordebrink, Johan"]
[Result "1-0"]
[WhiteElo "2165"]
[BlackElo "2179"]
[PlyCount "71"]
[EventDate "2012.??.??"]

1. d4 Nf6 2. c4 c5 3. d5 a6 4. Nc3 b5 5. cxb5 axb5 6. Nxb5 e6 7. Nc3 exd5 8.
Nxd5 Nxd5 9. Qxd5 Nc6 10. e4 Qc7 11. Nf3 Rb8 12. Bc4 d6 13. Qh5 Rb4 14. Bd5 Ba6
15. b3 g6 16. Qh3 Bg7 17. Rb1 O-O 18. Bb2 Rd4 19. Nxd4 Nxd4 20. Bc3 Re8 21. f4
Ne2 22. Bxg7 Nxf4 23. Qh6 Nxd5 24. Kf2 Rxe4 25. Rhe1 Qe7 26. Rxe4 Qxe4 27. Re1
Qf5+ 28. Kg1 Bb5 29. Bb2 f6 30. Qd2 Nf4 31. Qxd6 Ne2+ 32. Kh1 Qf2 33. Qe6+ Kg7
34. Rd1 Nf4 35. Qxf6+ Kh6 36. Qxf4+ 1-0

[Event "Elit(Rockaden,Umea-LASK)"]
[Site "?"]
[Date "2012.10.05"]
[Round "1"]
[White "Tikkanen, Hans"]
[Black "Malmstig, Erik"]
[Result "0-1"]
[WhiteElo "2638"]
[BlackElo "2359"]
[PlyCount "82"]
[EventDate "2012.??.??"]

1. d4 Nf6 2. Nf3 c5 3. e3 e6 4. Bd3 b6 5. O-O Bb7 6. c4 Be7 7. Nc3 O-O 8. d5 d6
9. e4 e5 10. h3 Nbd7 11. g3 Ne8 12. Qc2 Nc7 13. a4 Na6 14. Be3 Nb4 15. Qd2 Nxd3
16. Qxd3 Nb8 17. Kh2 Na6 18. g4 Bc8 19. Rg1 Bd7 20. Rg3 Nb4 21. Qd2 a6 22. Rh1
Qb8 23. h4 b5 24. b3 Qe8 25. Qd1 Ra7 26. h5 Qd8 27. Rhg1 Kh8 28. Kg2 Rb7 29.
Kf1 Qa5 30. Bg5 Qd8 31. Bxe7 Qxe7 32. Rh1 Kg8 33. Qd2 bxc4 34. bxc4 Qf6 35. Nh4
Qf4 36. Qd1 Rfb8 37. Kg2 Na2 38. Nxa2 Rb2 39. Nc3 Rxf2+ 40. Kh3 Rbb2 41. Ng2
Qg5 0-1

[Event "Elit(Rockaden,Umea-LASK)"]
[Site "?"]
[Date "2012.10.05"]
[Round "1"]
[White "Wickstrom, Lucas"]
[Black "Grandelius, Nils"]
[Result "1-0"]
[WhiteElo "2378"]
[BlackElo "2662"]
[PlyCount "95"]
[EventDate "2012.??.??"]

1. d4 d5 2. c4 c6 3. cxd5 cxd5 4. Nc3 Nf6 5. Bf4 Qb6 6. e3 Qxb2 7. Bb5+ Nc6 8.
Nge2 Bf5 9. O-O Qa3 10. Ba4 Rc8 11. Nb5 Qd3 12. Nxa7 Ra8 13. Qb3 Qa6 14. Qxb7
Qxb7 15. Bxc6+ Qd7 16. Bxd7+ Kxd7 17. Nb5 Bd3 18. Nbc3 e6 19. Rfd1 Bc4 20. Rdb1
Kc6 21. a4 Be7 22. h3 Ra6 23. Rb2 Rha8 24. Rab1 Nd7 25. f3 Rb6 26. Rxb6+ Nxb6
27. Ra1 f6 28. Kf2 Bd3 29. Nc1 Bg6 30. N1e2 Bb4 31. g4 Nc4 32. h4 e5 33. Bg3
Bd3 34. Rc1 Ra7 35. dxe5 fxe5 36. Bxe5 Ba3 37. Bd4 Rb7 38. Re1 Be7 39. g5 Rb2
40. Bxg7 Bb4 41. h5 Kd7 42. h6 Ke6 43. Rd1 Bc2 44. Nxd5 Bxd1 45. Bxb2 Bd2 46.
Nef4+ Kf5 47. g6 Nxb2 48. gxh7 1-0

[Event "Elit(Rockaden,Umea-LASK)"]
[Site "?"]
[Date "2012.10.05"]
[Round "1"]
[White "Smith, Axel"]
[Black "Forsberg, Viktor"]
[Result "1-0"]
[WhiteElo "2540"]
[BlackElo "2314"]
[PlyCount "121"]
[EventDate "2012.??.??"]

1. c4 g6 2. d4 Nf6 3. g3 Bg7 4. Bg2 O-O 5. Nc3 d6 6. Nf3 Nc6 7. O-O a6 8. h3
Bd7 9. e4 e5 10. dxe5 Nxe5 11. c5 Nxf3+ 12. Qxf3 dxc5 13. e5 Bc6 14. exf6 Bxf3
15. fxg7 Kxg7 16. Bxf3 Qf6 17. Bxb7 Rad8 18. Bg2 Rd4 19. Be3 Re8 20. Rac1 Qb6
21. Rc2 Rxe3 22. fxe3 Rd3 23. Re2 Qe6 24. Rfe1 Qe5 25. g4 h5 26. gxh5 Qxh5 27.
Ne4 Rd1 28. Kf1 Qf5+ 29. Rf2 Rxe1+ 30. Kxe1 Qe5 31. Re2 f5 32. Nc3 g5 33. Kd1
Kh6 34. Kc2 Kh5 35. Bb7 Kh4 36. Bxa6 Kxh3 37. Bb7 g4 38. a4 c4 39. Bd5 c6 40.
Bxc6 g3 41. Bf3 Kh4 42. Bd5 Qc7 43. Re1 Qc5 44. Bf3 Qb6 45. Kb1 Kg5 46. Nd5 Qa5
47. Rg1 Kh4 48. Ne7 g2 49. Rxg2 c3 50. bxc3 Qxc3 51. Nxf5+ Kh3 52. Rg3+ Kh2 53.
Bg4 Qb3+ 54. Kc1 Qc3+ 55. Kd1 Qc4 56. a5 Qa2 57. Ke1 Qxa5+ 58. Kf2 Qa2+ 59. Be2
Qf7 60. Rg2+ Kh1 61. Rg5 1-0

[Event "Elit(Rockaden,Umea-LASK)"]
[Site "?"]
[Date "2012.10.05"]
[Round "1"]
[White "Engman, Rickard"]
[Black "Hillarp Persson, Tiger"]
[Result "0-1"]
[WhiteElo "2254"]
[BlackElo "2545"]
[PlyCount "46"]
[EventDate "2012.??.??"]

1. d4 e6 2. c4 c5 3. d5 exd5 4. cxd5 d6 5. e4 g6 6. Nc3 Bg7 7. f4 a6 8. Nf3 Bg4
9. Be2 Bxf3 10. Bxf3 Nd7 11. e5 dxe5 12. d6 Ngf6 13. Bxb7 Rb8 14. Bxa6 O-O 15.
O-O exf4 16. Rxf4 Nh5 17. Rf1 c4 18. Nd5 Qa5 19. Nc7 Rb6 20. Qg4 Ne5 21. Qe4
Rxd6 22. Bxc4 Qxc7 23. Be2 Rd4 0-1

[Event "Elit(Rockaden,Umea-LASK)"]
[Site "?"]
[Date "2012.10.05"]
[Round "1"]
[White "Lindgren, Fredrik"]
[Black "Nilsson, Sebastian"]
[Result "1-0"]
[WhiteElo "2223"]
[BlackElo "2385"]
[PlyCount "69"]
[EventDate "2012.??.??"]

1. d4 Nf6 2. Nf3 g6 3. g3 Bg7 4. Bg2 O-O 5. O-O d6 6. b3 c5 7. Bb2 Ne4 8. Nc3
Nxc3 9. Bxc3 Nc6 10. Qd2 cxd4 11. Nxd4 Nxd4 12. Bxd4 Bxd4 13. Qxd4 Qc7 14. c4
Bd7 15. Rac1 Rfc8 16. Rfd1 Bc6 17. h4 Qa5 18. a4 Bxg2 19. Kxg2 Rc7 20. Rd3 Qh5
21. Rf3 Qh6 22. Rh1 Qg7 23. Qe4 h6 24. Rd1 h5 25. Rd5 Re8 26. Rg5 b6 27. g4
hxg4 28. Rxg4 Qh7 29. Rfg3 e6 30. Rg5 Rc5 31. Qg4 Kf8 32. h5 gxh5 33. Rg8+ Ke7
34. Qh4+ f6 35. R8g7+ 1-0